baby names: places - Statistics

General Stats
  • This quiz has been taken 70 times
  • The average score is 11 of 35
Answer Stats
Name % Correct
Paris
87%
London
74%
Londyn
74%
Dallas
60%
Sydney
60%
Georgia
57%
Austin
51%
Jordan
43%
Jordyn
43%
Phoenix
43%
Brooklyn
38%
Brooklynn
38%
Israel
36%
Dakota
34%
Milan
32%
Madison
30%
Alexandria
28%
Carolina
28%
Cairo
26%
Kairo
26%
Memphis
26%
Helena
23%
Santiago
21%
Savannah
21%
Salem
19%
Hudson
17%
Adelaide
15%
Aspen
9%
Zaire
6%
Zyaire
6%
Kingston
4%
Zion
4%
Camden
2%
Kobe
2%
Troy
2%
No matching quizzes found
Score Distribution
Percent of People with Each Score
Percentile by Number Answered
Your Score History
You have not taken this quiz